Представление документа в формате MARC21

ПолеНазваниеЗначение
  Тип записи a
  Библиографический уровень m
001 Контрольный номер RU\infra-m\znanium\bibl\2234720
005 Дата корректировки 20260429142232.4
008 Кодируемые данные 260413s2025 RU g rus u
020 Индекс ISBN __
a ISBN 978-5-9614-6681-2
040 Источник каталогиз. __
a Служба первич. каталог. Общество с ограниченной ответственностью «ЗНАНИУМ»
041 Код языка издания __
a Код языка текста rus
044 Код страны публикации __
a Код страны публикации RU
080 Индекс УДК __
a Индекс УДК 33
084 Индекс другой классификации/Индекс ББК __
2 Источник индекса rubbk
a Индекс другой классификации/Индекс ББК 65
084 Индекс другой классификации/Индекс ББК __
2 Источник индекса okso
a Индекс другой классификации/Индекс ББК 38.03.01
100 Автор __
a Автор Пайн Б.Д.
q Полное имя Пайн Джозеф
u Дополнение Гарвардская школа бизнеса
245 Заглавие __
a Заглавие Экономика впечатлений. Как превратить покупку в захватывающее действие
b Продолж. заглавия Практическое пособие
c Ответственность Гарвардская школа бизнеса
250 Сведения об издании __
a Основные сведения об издании 1
260 Выходные данные __
a Место издания Москва
b Издательство ООО "Альпина Паблишер"
c Дата издания 2026
300 Физическое описание __
a Объем 384 с.
520 Аннотация __
a Аннотация Новой экономике нужны новые модели бизнеса. Компании которые претендуют на конкурентоспособность в будущем должны полностью сосредоточиться на клиенте и его потребностях. Так что же в этом нового? А вот что: впечатления которые представляют собой уже существующий но еще мало изученный вид экономического предложения. Отделение впечатлений от услуг в деятельности компании открывает перед ней невероятные возможности для экономического роста как в свое время признание услуг отдельным предложением привело к появлению нового типа экономики на фоне приходящей в упадок промышленной базы. Поэтому в настоящее время зарождается новая экономика - экономика впечатлений ориентированная на ощущения потребителя. В ее контексте авторы советуют отказаться от традиционных отношений между компанией и клиентами; вместо этого компания должна стать "режиссером впечатлений" а клиенты - "зрителями" или "гостями". В книге рассматриваются принципы успешной постановки впечатлений а также театральные приемы которые может использовать компания. Эта книга написана для тех кто ищет новые пути и стремится повысить потребительскую ценность своего предложения. С ее помощью вы обретете инструменты и методы необходимые для постановки захватывающих впечатлений и выполнения удивительных трансформаций для ваших настоящих и будущих клиентов. Признание впечатлений отдельным экономическим предложением - это залог экономического роста в будущем!
521 Примеч. о цел. назн. __
a Примеч. о целев. назн. Дополнительное профессиональное образование
650 Тематические рубрики __
a Основная рубрика Бизнес. Предпринимательство. Сервис
x Основная подрубрика Торговля. Коммерция
655 Указ. предметных рубрик (устаревшее) __
a Жанр/ форма (устаревшее) Практическое пособие
700 Другие авторы __
a Другие авторы Гилмор Д.Х.
q Полное имя Гилмор Джеймс
856 Электронный адрес документа 4_
a Имя сервера/домена znanium.ru
m Помощь ebs_support@infra-m.ru
n Местонахождение сервера НИЦ ИНФРА-М
u URL https://znanium.ru/catalog/document?id=473340
856 Электронный адрес документа 48
a Имя сервера/домена znanium.ru
d Путь /cover/2234
f Электронное имя 2234720.jpg
q Тип электронного формата image/jpeg
u URL https://znanium.ru/cover/2234/2234720.jpg
911 __
u 0030=https://znanium.ru/catalog/document?id=473340